000 00903nam a2200253Ia 4500
003 OSt
005 20220923225427.0
006 a|||||r|||| 00| 0
007 ta
008 220922b |||||||| |||| 00| 0 hin d
024 _a267,888
037 _cTextual
040 _aARTS
_cARTS
_bhin
041 _2hin
_ahin
082 _aQ1:g, 152P5
100 _aउषा किरण
245 0 _aवैदिक साहित्य में संवाद
_b सैद्धान्तिक एवं प्रयोगात्मक विश्लेषण
246 _aVaidik sāhitya mean sanvāda: saiddhāntik evan prayogātmak vishleṣhaṇa
260 _aदिल्ली
_b नाग पब्लिशर्स
_c2005
300 _a731पृ.
_ccm.
650 _aधर्म
942 _hQ1:g, 152P5
_cTEXL
_2CC
999 _c378229
_d378229